| 000 | 00908cac a2200241 4500 | ||
|---|---|---|---|
| 008 | 040204t20032003sp 000 0 spa u | ||
| 020 | _a8487682448 | ||
| 035 | _aa434979 | ||
| 050 | 0 | 0 |
_aLA9 _bH57 2003 |
| 245 | 1 | 0 |
_aHistoria cultural y educación : _bensayos críticos sobre conocimiento y escolarización / _cThomas S. Popkewitz, Barry M. Franklin, Miguel A. Peryra, comp. |
| 260 |
_aBarcelona : _bPomares, _c2003 |
||
| 300 |
_a416 p. ; _c23 cm |
||
| 440 | 0 | _aColección educación y conocimiento | |
| 500 | _aRec. prop. esc. | ||
| 504 | _aBibliografía : p. 392-400 | ||
| 504 | _aIncluye indices | ||
| 650 | 1 | 0 |
_aEducación _xHistoriografía |
| 650 | 2 | 0 |
_aCultura _xHistoriografía |
| 650 | 3 | 0 |
_aEducación _xInvestigación _x Metodología _xAspectos sociales _xEstudios interculturales |
| 700 | 1 | _aPopkewitz, Thomas S., comp. | |
| 700 | 1 | _aFranklin, Barry M., comp. | |
| 942 |
_2lcc _cLIB |
||
| 999 |
_c118972 _d118972 |
||